| 000 | 00661nam a22002297a 4500 | ||
|---|---|---|---|
| 999 |
_c8981 _d8981 |
||
| 003 | AR-CdUCM | ||
| 008 | 190313b ||||| |||| 00| 0 spa d | ||
| 040 |
_aMUNICIPALIDAD PROVINCIAL DEL CUSCO _cBIBLIOTECA MUNICIPAL DEL CUSCO |
||
| 082 |
_a869.56 / _bF66 |
||
| 100 |
_aFlorián, Mario _914609 |
||
| 245 | _aInqa Runa / | ||
| 260 |
_aLima : _bImpresiones y Publibidad, _c1966. |
||
| 300 |
_a13 paginas ; _c25cm. |
||
| 500 | _aCon dedicatoria a Luis Nieto | ||
| 505 | _aContenido : Poesía | ||
| 650 |
_aPoesia _95517 |
||
| 650 |
_aLiteratura _983 |
||
| 650 |
_aPoesia peruana _99599 |
||
| 650 |
_aSiglo XIX _9971 |
||
| 942 |
_2ddc _cLIBROS |
||
| 945 | _admma | ||